| 000 | 00872nam a22002897a 4500 | ||
|---|---|---|---|
| 003 | CHAP | ||
| 005 | 20220329140057.0 | ||
| 008 | 971013s1982 r 00010 d | ||
| 010 | _a46647 | ||
| 011 | _a47619 | ||
| 035 | _a51762 | ||
| 040 | _cCHAP | ||
| 082 |
_a630.720985 _bT5 |
||
| 100 | 0 | 0 |
_aTienhouen, N. Van. _9113059 |
| 245 | _aSistemas de finca en Jinotega, Nicaragua | ||
| 260 |
_aTurrialba, C. R. : _bCentro Agronómico Tropical, _c1982 |
||
| 300 |
_a175 p. _b: gráfs. |
||
| 590 |
_aBATCH-UPD _b10 _c20130110 _lUCH01 _h1006 |
||
| 590 |
_aCONVERSION _b10 _c20130109 _lUCH01 _h1325 |
||
| 650 | 1 | 4 |
_aAgricultura _xNicaragua. _91750 |
| 650 | 1 | 4 |
_aSistemas de cultivo. _9106746 |
| 700 | 0 |
_aIcaza G., L. _957261 |
|
| 700 | 0 |
_aLagemann, J. _964399 |
|
| 901 | _aBK | ||
| 942 | _cLIBRO | ||
| 949 |
_a630.720985 T5 _bBC _cLIBRO _d33724000045621 _eLIBRO _h59849 _i51762 _mD _si |
||
| 999 |
_c46647 _d46647 |
||